Statistics for Big Brother 18 Trivia

Click here to take the quiz!

General Stats

  • This quiz has been taken 691 times
  • The average score is 11 of 20

Answer Stats

HintAnswer% Correct
Paulie is the brother of which former houseguest?Cody
84%
Corey loves which holiday?Christmas
81%
Tiffany is the sister of which former houseguest?Vanessa
79%
Which male was included in Natalie, Tiffany, and Bronte's "girl talk"?James
75%
Who was the first to leave the Big Brother house?Glenn
72%
What is Bronte's area of expertise?Math
72%
Jozea called himself the what of the newbies?Messiah
69%
Who was sent by the "Spy Girls" to spy on the conversation upstairs during the meeting called by Jozea?Bridgette
59%
James hid in what to scare Nicole when she came into the storage room?Trash can
56%
Who was the last left on the missiles during the first competition?Victor
54%
What are the beds in the have-not room?Bumper cars
51%
Both Michelle and Nicole are from which state?Michigan
50%
What did James put in Natalie's bottle of anti-aging cream?Mayonnaise
45%
Michelle is afraid of which country?North Korea
40%
Which team had to wear pixel suits for a week?Category 4
38%
Which type of box do the houseguests look in to see if they have won the BB Roadkill challenge?Tackle box
38%
Da'Vonne calls Tiffany the "little mini" what?Poker player
31%
What is the name of the alliance formed between the girls of the eight pack alliance?Fatal Five
30%
James and Natalie were dropping what from the balcony when Victor scolded them for bringing ants into the house?Chips
25%
Which word did Paulie spell to win the "Welcome to the Toezarks" veto competition?Sustainability
11%

Score Distribution

Percentile by Number Answered

Percent of People with Each Score

Your Score History

You have not taken this quiz